[Event "Match"]
[Site "www.echecsemail.com"]
[Date "2019.04.24"]
[Round "1"]
[White "Micheles"]
[Black "D4minance"]
[WhiteElo "2510"]
[BlackElo "1499"]
[Result "0-1"]
[Round "1"]
1.d4 Ng8f6
2.Ng1f3 d5
3.Bc1g5 Nf6e4
4.Bg5h4 c5
5.dxc5 Nb8c6
6.e3 g6
7.Nb1d2 Ne4xc5
8.Nd2b3 Nc5e4
9.c3 Bf8g7
10.Bf1e2 O-O
11.O-O h6
12.Nf3d2 Ne4d6
13.f4 Rf8e8
14.Nd2f3 Nd6e4
15.Nb3d4 Qd8c7
16.Ra1c1 e5
17.Nd4xc6 bxc6
18.fxe5 Qc7b6
19.Rc1c2 Bg7xe5
20.Kh1 Be5f6
21.Bh4xf6 Ne4xf6
22.Nf3h4 Nf6e4
23.Be2d3 Qb6xe3
24.Rc2e2 Qe3c5
25.Qd1c1 g5
26.Nh4f5 Bc8xf5
27.Rf1xf5 Qc5d6
28.Qc1f1 Qd6d7
29.g4 Ne4c5
30.Re2f2 Re8e1
31.Qf1xe1 Nc5xd3
32.Qe1e2 Nd3xf2
33.Rf5xf2 Ra8e8
34.Qe2f3 Re8e1
35.Kg2 Qd7e6
36.h3 Kg7
{ resign }
0-1

[Event "Tourn. n10122"]
[Site "www.echecsemail.com"]
[Date "2019.04.24"]
[Round "1"]
[White "Fegatux"]
[Black "Bojan"]
[WhiteElo "2270"]
[BlackElo "2050"]
[Result "1-0"]
[Round "1"]
1.e4 d5
2.exd5 Qd8xd5
3.Nb1c3 Qd5d8
4.d4 Ng8f6
5.Bf1d3 c6
6.Ng1f3 Bc8g4
7.h3 Bg4h5
8.Qd1e2 Nf6d5
9.Bc1d2 Nd5f4
10.Bd2xf4 e6
11.O-O-O Bf8e7
12.g4 Bh5g6
13.Kb1 Qd8b6
14.Bd3xg6 hxg6
15.Bf4xb8 Ra8xb8
16.Qe2e5 Rb8d8
17.Qe5xg7 Rh8f8
18.Qg7e5 Be7a3
19.b3 Ba3b4
20.Rd1d3 c5
21.dxc5 Bb4xc5
22.Rd3xd8 Kxd8
23.Nc3a4 Qb6d6
24.Na4xc5 { resign }
1-0

[Event "Tourn. n10078"]
[Site "www.echecsemail.com"]
[Date "2019.04.24"]
[Round "1"]
[White "Seger"]
[Black "Szustan"]
[WhiteElo "2760"]
[BlackElo "2540"]
[Result "1-0"]
[Round "1"]
1.e4 e5
2.g3 Ng8f6
3.Bf1g2 Nb8c6
4.Nb1c3 Bf8c5
5.Ng1e2 d6
6.Nc3a4 Bc8e6
7.d3 Bc5b6
8.Na4xb6 axb6
9.c4 Qd8d7
10.h3 b5
11.f4 bxc4
12.f5 cxd3
13.fxe6 Qd7xe6
14.Ne2c3 Qe6c4
15.O-O Nc6d4
16.Rf1f2 b5
17.Bg2f1 b4
18.Bf1xd3 Qc4e6
19.Nc3b5 O-O
20.Rf2xf6 Qe6xf6
21.Nb5xc7 Ra8c8
22.Nc7d5 Qf6e6
23.g4 h5
24.Nd5xb4 hxg4
25.Qd1xg4 Rc8b8
26.Nb4d5 f5
27.Qg4g2 f4
28.b4 f3
29.Qg2g4 f2
30.Kf1 Qe6xg4
31.hxg4 { resign }
1-0

[Event "Tourn. n10113"]
[Site "www.echecsemail.com"]
[Date "2019.04.24"]
[Round "1"]
[White "Coolant"]
[Black "Fantomas"]
[WhiteElo "2280"]
[BlackElo "2240"]
[Result "1-0"]
[Round "1"]
1.Nb1c3 e5
2.Ng1f3 Nb8c6
3.e4 d6
4.Bf1b5 Bc8d7
5.O-O Ng8e7
6.d4 exd4
7.Nf3xd4 a6
8.Bb5xc6 Ne7xc6
9.Bc1e3 Bf8e7
10.f4 O-O
11.Nc3d5 Rf8e8
12.Qd1f3 Be7f6
13.c3 b6
14.g4 Nc6xd4
15.cxd4 c6
16.Nd5c3 c5
17.Ra1d1 Qd8c8
18.f5 Bd7c6
19.g5 Bf6xd4
20.Be3xd4 cxd4
21.Rd1xd4 Bc6b7
22.Rf1d1 Qc8c5
23.Kf1 Ra8d8
24.Qf3d3 Qc5e5
25.Qd3g3 Qe5xg3
26.hxg3 { resign }
1-0

[Event "Tourn. n10075"]
[Site "www.echecsemail.com"]
[Date "2019.04.25"]
[Round "1"]
[White "Ditto"]
[Black "Eugenius"]
[WhiteElo "1710"]
[BlackElo "1729"]
[Result "0-1"]
[Round "1"]
1.e4 c5
2.Bf1c4 Nb8c6
3.Ng1f3 d6
4.Nb1c3 Ng8f6
5.d3 e6
6.Bc1g5 Bf8e7
7.Qd1d2 a6
8.a3 O-O
9.O-O h6
10.Bg5f4 d5
11.exd5 exd5
12.Bc4b3 Bc8e6
13.Rf1e1 Nf6h5
14.Nc3d1 Nh5xf4
15.Qd2xf4 Be7f6
16.Ra1b1 b5
17.Nd1e3 Qd8d7
18.Ne3f1 Ra8d8
19.c3 Qd7d6
20.Qf4d2 Be6g4
21.Bb3c2 Bg4xf3
22.gxf3 Bf6g5
23.Qd2d1 Qd6f4
24.Nf1g3 Nc6e5
25.d4 Ne5xf3
26.Kg2 Nf3xe1
27.Qd1xe1 cxd4
28.cxd4 Qf4xd4
29.Qe1f1 Qd4d2
30.Bc2d3 Rd8c8
31.Bd3f5 Rc8c1
32.Rb1xc1 Qd2xc1
33.Qf1d3 Qc1xb2
34.Qd3xd5 Qb2xa3
35.Qd5e5 Qa3e7
36.Qe5d5 Rf8d8
37.Qd5c6 Qe7d6
38.Qc6c2 b4
39.Qc2b2 Bg5f6
40.Qb2b3 Qd6d5
41.Bf5e4 Qd5xb3
{ resign }
0-1

[Event "Tourn. n10037"]
[Site "www.echecsemail.com"]
[Date "2019.04.25"]
[Round "1"]
[White "Seger"]
[Black "Obisporey"]
[WhiteElo "2730"]
[BlackElo "2590"]
[Result "1-0"]
[Round "1"]
1.e4 e5
2.Ng1f3 Nb8c6
3.Bf1c4 Ng8f6
4.Nb1c3 Nf6xe4
5.Nc3xe4 d5
6.Bc4d3 dxe4
7.Bd3xe4 Bf8d6
8.O-O O-O
9.Qd1e2 Nc6d4
10.Nf3xd4 exd4
11.Qe2d3 Kh8
12.b3 c5
13.Bc1b2 f5
14.Be4f3 Qd8c7
15.h3 Bc8e6
16.Qd3b5 Ra8b8
17.Rf1e1 a6
18.Qb5f1 Be6f7
19.c3 dxc3
20.Bb2xc3 Rb8d8
21.d3 b5
22.Ra1c1 Bd6h2
23.Kh1 Bh2f4
24.Rc1c2 Qc7d6
25.Bc3b2 Kg8
26.Re1d1 Rd8c8
27.d4 c4
28.d5 Qd6b4
29.bxc4 Rf8e8
30.c5 Rc8xc5
31.a3 Rc5xc2
32.axb4 Rc2xb2
33.d6 Bf4g5
34.Qf1d3 Rb2xb4
35.Qd3xf5 Bg5d8
36.Bf3d5 Bf7xd5
37.Qf5xd5 Kh8
38.Qd5f5 Kg8
39.d7 Re8f8
40.Qf5e6 Kh8
41.Qe6e8 Kg8
42.Qe8e6 Kh8
43.g3 { resign }
1-0

[Event "Tourn. n10087"]
[Site "www.echecsemail.com"]
[Date "2019.04.25"]
[Round "1"]
[White "Picifarkinca"]
[Black "Mitja"]
[WhiteElo "2130"]
[BlackElo "2090"]
[Result "1-0"]
[Round "1"]
1.e4 d5
2.exd5 Qd8xd5
3.Nb1c3 Qd5d8
4.d4 e6
5.Ng1f3 h6
6.Bf1d3 c6
7.O-O Ng8f6
8.Rf1e1 Bf8e7
9.Nc3e4 Nf6xe4
10.Bd3xe4 b6
11.c3 Bc8b7
12.Nf3e5 Be7f6
13.Qd1f3 Bf6xe5
14.dxe5 Qd8c7
15.Qf3g4 g5
16.f4 gxf4
17.Qg4g7 Rh8f8
18.Bc1xf4 Qc7e7
19.Bf4xh6 Nb8d7
20.Bh6e3 O-O-O
21.Ra1d1 Rf8g8
22.Qg7h6 Nd7xe5
23.Be3f4 Rd8xd1
24.Re1xd1 Ne5g4
25.Qh6h7 Qe7c5
26.Rd1d4 Qc5f8
27.Qh7h4 c5
28.Be4xb7 Kxb7
29.Rd4d7 Ka6
30.Qh4e7 Qf8xe7
31.Rd7xe7 Rg8f8
32.h3 Ng4f6
33.Bf4h6 Rf8d8
34.Re7xf7 Nf6d5
35.Rf7f8 Rd8xf8
36.Bh6xf8 Kb7
37.Bf8d6 Kc6
38.Bd6e5 Kd7
39.Kf2 Ke7
40.Kf3 b5
41.h4 Kf7
42.h5 Nd5f6
43.g4 a5
44.Be5xf6 Kxf6
45.h6 Kg6
46.g5 c4
47.Ke4 { resign }
1-0

[Event "Match"]
[Site "www.echecsemail.com"]
[Date "2019.04.25"]
[Round "1"]
[White "Pforjan"]
[Black "Fegatux"]
[WhiteElo "2310"]
[BlackElo "2270"]
[Result "1/2-1/2"]
[Round "1"]
1.d4 d5
2.Bc1f4 Ng8f6
3.e3 c5
4.c3 Nb8c6
5.Bf1d3 Qd8b6
6.Qd1c1 cxd4
7.exd4 e5
8.Bf4g3 exd4
9.Ng1f3 Bf8e7
10.O-O O-O
11.Rf1e1 Rf8e8
12.cxd4 Bc8g4
13.Nf3e5 Nc6xd4
14.Nb1c3 Bg4e6
15.h3 Ra8c8
16.Qc1d2 Nd4c6
17.Ra1d1 Nc6xe5
18.Bg3xe5 a6
19.Bd3b1 Nf6e4
20.Nc3xe4 dxe4
21.Bb1xe4 Re8d8
22.Qd2f4 Rd8xd1
23.Re1xd1 h6
24.Qf4g3 Be7f8
25.b3 Qb6b4
26.Be4b1 b5
27.Qg3d3 g6
28.Qd3g3 Bf8g7
29.Be5xg7 Kxg7
30.Qg3e5 Kh7
31.Qe5f6 Rc8e8
32.Kh2 Qb4e7
33.Qf6xe7 Re8xe7
34.Rd1d6 Be6c8
35.Bb1d3 Kg7
36.a4 Re7d7
37.Rd6xd7 Bc8xd7
38.axb5 axb5
39.b4 Kf6
40.f4 Ke6
41.Bd3e4 f5
42.Be4f3 Kd6
43.g4 Bd7c6
44.Bf3e2 Bc6d7
45.Be2f3 Bd7e6
46.Kg3 Be6d5
47.Bf3e2 Bd5c4
48.Be2f3 Ke6
{ draw }
1/2-1/2

[Event "Match"]
[Site "www.echecsemail.com"]
[Date "2019.04.25"]
[Round "1"]
[White "Geodad5"]
[Black "Yudoka"]
[WhiteElo "2150"]
[BlackElo "2300"]
[Result "0-1"]
[Round "1"]
1.e4 e6
2.d4 d5
3.e5 c5
4.c3 Nb8c6
5.a3 Qd8b6
6.Ng1f3 Ng8h6
7.b4 cxd4
8.cxd4 Nh6f5
9.Bc1b2 h5
10.Bf1e2 Bc8d7
11.O-O Bf8e7
12.Qd1d3 g5
13.b5 Nc6a5
14.Nb1d2 Kf8
15.a4 g4
16.Nf3e1 Kg7
17.Ne1c2 Ra8c8
18.f3 Rc8xc2
19.Qd3xc2 Nf5xd4
20.Qc2d3 Nd4xe2
{ resign }
0-1

[Event "Tourn. n10066"]
[Site "www.echecsemail.com"]
[Date "2019.04.25"]
[Round "1"]
[White "Szustan"]
[Black "Greghghs"]
[WhiteElo "2540"]
[BlackElo "2510"]
[Result "1-0"]
[Round "1"]
1.e4 c6
2.d4 d5
3.Nb1c3 dxe4
4.Nc3xe4 Bc8f5
5.Ne4g3 Bf5g6
6.h4 h6
7.Ng1f3 Nb8d7
8.h5 Bg6h7
9.Bf1d3 Bh7xd3
10.Qd1xd3 e6
11.Bc1f4 Qd8a5
12.Bf4d2 Bf8b4
13.c3 Bb4e7
14.c4 Qa5c7
15.d5 Nd7e5
16.Qd3e2 Ne5xf3
17.gxf3 e5
18.dxc6 Qc7xc6
19.O-O-O Qc6e6
20.Bd2c3 Be7g5
21.Kb1 Ng8e7
22.Bc3xe5 O-O
23.Rd1d6 Qe6c8
24.f4 Ne7f5
25.fxg5 hxg5
26.h6 f6
27.hxg7 { resign }
1-0

[Event "Match"]
[Site "www.echecsemail.com"]
[Date "2019.04.26"]
[Round "1"]
[White "Logout"]
[Black "Yudoka"]
[WhiteElo "2080"]
[BlackElo "1809"]
[Result "0-1"]
[Round "1"]
1.c4 c6
2.Nb1c3 d5
3.cxd5 cxd5
4.d4 Ng8f6
5.Ng1f3 Nb8c6
6.e3 Bc8f5
7.Bf1e2 e6
8.Bc1d2 Bf8d6
9.a3 h6
10.b4 Ra8c8
11.O-O O-O
12.b5 Nc6a5
13.Nc3a4 Bf5c2
14.Qd1e1 Na5b3
15.Ra1a2 Nb3xd2
16.Nf3xd2 Bc2xa4
17.Qe1b1 Qd8c7
18.Nd2b3 Ba4xb3
19.Qb1xb3 Bd6xh2
20.Kh1 Bh2d6
21.a4 e5
22.Be2d3 exd4
23.exd4 Qc7c3
24.Qb3xc3 Rc8xc3
25.Rf1d1 Rf8c8
26.Bd3f5 Rc3c1
27.Ra2d2 Rc8c4
28.g3 Rc1xd1
29.Rd2xd1 g6
30.Bf5h3 Rc4xa4
31.Bh3c8 b6
32.Bc8b7 Ra4a2
33.Bb7c6 Ra2xf2
34.Rd1g1 Nf6e4
35.Rg1g2 Ne4xg3
36.Kg1 Rf2f1
37.Kh2 Rf1h1

0-1

[Event "Match"]
[Site "www.echecsemail.com"]
[Date "2019.04.26"]
[Round "1"]
[White "Comrade"]
[Black "Cathar"]
[WhiteElo "2300"]
[BlackElo "2180"]
[Result "1-0"]
[Round "1"]
1.c4 e6
2.Nb1c3 d5
3.d4 Bf8b4
4.Bc1d2 Ng8f6
5.a3 Bb4e7
6.b4 b6
7.c5 bxc5
8.bxc5 Bc8a6
9.g3 O-O
10.Bf1g2 Nb8d7
11.Ng1f3 Ba6c4
12.Bd2g5 h6
13.Bg5xf6 Be7xf6
14.O-O Nd7xc5
15.Qd1d2 Nc5b3
16.Qd2c2 Nb3xa1
17.Rf1xa1 c5
18.e3 cxd4
19.exd4 Ra8b8
20.Nf3d2 Bc4a6
21.Bg2f1 Qd8a5
22.Nd2b3 Qa5c7
23.Bf1xa6 { resign }
1-0

[Event "Tourn. n10033"]
[Site "www.echecsemail.com"]
[Date "2019.04.26"]
[Round "1"]
[White "Jaroslavpech"]
[Black "Foxy100"]
[WhiteElo "2580"]
[BlackElo "2430"]
[Result "1/2-1/2"]
[Round "1"]
1.e4 e5
2.Ng1f3 Nb8c6
3.Bf1b5 a6
4.Bb5a4 Ng8f6
5.O-O b5
6.Ba4b3 Bf8e7
7.Rf1e1 d6
8.c3 O-O
9.h3 Nc6a5
10.Bb3c2 c5
11.d4 Qd8c7
12.Nb1d2 cxd4
13.cxd4 Na5c6
14.Nd2b3 a5
15.Bc1e3 a4
16.Nb3d2 Bc8d7
17.Ra1c1 Qc7b7
18.Qd1e2 h6
19.Bc2d3 Ra8c8
20.b3 exd4
21.Nf3xd4 axb3
22.axb3 Nc6xd4
23.Be3xd4 Rc8xc1
24.Re1xc1 Rf8a8
{ draw }
1/2-1/2

[Event "Tourn. n10108"]
[Site "www.echecsemail.com"]
[Date "2019.04.26"]
[Round "1"]
[White "Conde7"]
[Black "Cathar"]
[WhiteElo "2790"]
[BlackElo "2200"]
[Result "1-0"]
[Round "1"]
1.a3 e5
2.c4 c6
3.Ng1f3 e4
4.Nf3d4 d5
5.cxd5 Qd8xd5
6.e3 Ng8f6
7.Nb1c3 Qd5e5
8.Qd1c2 g6
9.f3 exf3
10.Nd4xf3 Qe5e7
11.e4 Bf8g7
12.d4 O-O
13.Bf1e2 Rf8e8
14.e5 Nf6d5
15.Be2d3 Nd5xc3
16.bxc3 f6
17.O-O fxe5
18.Nf3g5 { resign }
1-0

[Event "Tourn. n10111"]
[Site "www.echecsemail.com"]
[Date "2019.04.26"]
[Round "1"]
[White "Virgil08bv"]
[Black "Tarasch"]
[WhiteElo "2630"]
[BlackElo "2320"]
[Result "1-0"]
[Round "1"]
1.e4 c5
2.Ng1f3 d6
3.d4 cxd4
4.Nf3xd4 Ng8f6
5.Nb1c3 a6
6.Bc1e3 e6
7.f3 Bf8e7
8.Qd1d2 b5
9.g4 Bc8b7
10.O-O-O Qd8c7
11.g5 b4
12.Nc3b5 axb5
13.gxf6 gxf6
14.Nd4xb5 Qc7a5
15.Nb5xd6 Be7xd6
16.Qd2xd6 { resign }
1-0

[Event "Tourn. n10086"]
[Site "www.echecsemail.com"]
[Date "2019.04.26"]
[Round "1"]
[White "Tartan"]
[Black "Buchauer"]
[WhiteElo "2510"]
[BlackElo "2860"]
[Result "0-1"]
[Round "1"]
1.d4 Ng8f6
2.c4 g6
3.Nb1c3 Bf8g7
4.e4 d6
5.Ng1f3 O-O
6.Bf1e2 e5
7.dxe5 dxe5
8.Qd1xd8 Rf8xd8
9.Bc1g5 Rd8e8
10.O-O-O Nb8a6
11.Nf3e1 Na6c5
12.f3 Nc5e6
13.Bg5e3 b6
14.Kb1 Bc8a6
15.Ne1c2 Ba6b7
16.Rh1e1 Ra8d8
17.Nc3b5 a6
18.Nb5c3 h5
19.Rd1xd8 Re8xd8
20.Nc3d5 Nf6e8
21.Re1d1 Bg7f8
22.g3 Ne8d6
23.f4 exf4
24.gxf4 Nd6xe4
{ resign }
0-1

[Event "Tourn. n10116"]
[Site "www.echecsemail.com"]
[Date "2019.04.26"]
[Round "1"]
[White "Malbertan"]
[Black "Bojan"]
[WhiteElo "1980"]
[BlackElo "2030"]
[Result "0-1"]
[Round "1"]
1.d4 d5
2.Nb1c3 Ng8f6
3.Bc1g5 h6
4.Bg5xf6 exf6
5.Ng1f3 Bc8e6
6.e3 a6
7.Bf1d3 Bf8d6
8.O-O Nb8d7
9.e4 Nd7b6
10.Qd1e2 c6
11.e5 Bd6c7
12.exf6 Qd8xf6
13.Nf3e5 O-O-O
14.a3 Qf6e7
15.f4 Nb6d7
16.Bd3xa6 Nd7xe5
17.fxe5 bxa6
18.Qe2xa6 Kd7
19.b4 Qe7g5
20.Nc3a4 Qg5e3
21.Kh1 Qe3xd4
22.Na4c5 Ke7
23.Qa6xc6 Qd4xe5
24.Nc5xe6 Qe5xh2
{ resign }
0-1

[Event "Tourn. n10046"]
[Site "www.echecsemail.com"]
[Date "2019.04.26"]
[Round "1"]
[White "Rons"]
[Black "Giampaolo"]
[WhiteElo "2700"]
[BlackElo "2510"]
[Result "1-0"]
[Round "1"]
1.e4 c6
2.d4 d5
3.e5 g6
4.c4 Bf8g7
5.Nb1c3 a6
6.Ng1f3 b5
7.cxd5 cxd5
8.b4 Nb8c6
9.a4 bxa4
10.Ra1xa4 Bc8b7
11.Bc1f4 h5
12.Qd1a1 a5
13.bxa5 Ra8xa5
14.Bf1b5 Ra5xb5
15.Nc3xb5 Ng8h6
16.Qa1b2 O-O
17.O-O Nc6a5
18.Qb2c1 Bb7a6
19.Qc1c5 Ba6xb5
20.Qc5xb5 Na5c4
21.Ra4a7 e6
22.Rf1a1 Nh6f5
23.Qb5b7 Qd8b6
24.Qb7xb6 Nc4xb6
25.Ra7b7 Nb6c4
26.Ra1a7 h4
27.h3 Bg7h8
28.Bf4g5 f6
29.exf6 Bh8xf6
30.Bg5xf6 Rf8xf6
31.Rb7d7 Nc4d6
32.Nf3g5 Nd6b5
33.Ng5h7 Rf6f8
34.Ra7a5 Rf8b8
35.Nh7f6 Kf8
36.Rd7h7 Nf5xd4
37.Rh7h8 Kf7
38.Rh8xb8 Kxf6
39.Rb8xb5 Nd4xb5
40.Ra5xb5 { resign }
1-0

[Event "Tourn. n10083"]
[Site "www.echecsemail.com"]
[Date "2019.04.26"]
[Round "1"]
[White "Fabos12"]
[Black "Bojan"]
[WhiteElo "1910"]
[BlackElo "2020"]
[Result "1-0"]
[Round "1"]
1.d4 d5
2.Ng1f3 h6
3.c3 Nb8c6
4.Bc1f4 Ng8f6
5.h3 Nf6d7
6.Nb1d2 g5
7.Bf4h2 Bf8g7
8.e4 dxe4
9.Nd2xe4 f5
10.Ne4g3 Nd7f6
11.Bf1d3 e6
12.Qd1c2 Bc8d7
13.O-O-O Nf6d5
14.Ng3xf5 exf5
15.Bd3xf5 Qd8f6
16.Bf5xd7 Kxd7
17.Nf3e5 Kd8
18.Qc2b3 Nd5b6
19.Ne5f7 Kd7
20.Nf7xh8 Bg7xh8
21.d5 Nc6e5
22.Qb3b5 Ke7
23.Rh1e1 Qf6d6
24.c4 a6
25.Qb5b3 Ra8e8
26.Kb1 Kd7
27.Bh2xe5 Bh8xe5
28.Qb3c2 Qd6c5
29.Qc2f5 Kd6
30.Qf5g6 Kd7
31.b3 Qc5d6
32.Qg6f5 Kd8
33.f4 Be5xf4
34.Re1xe8 Kxe8
35.Rd1e1 Kd8
36.Re1e6 Qd6c5
37.Qf5f6 { resign }
1-0

[Event "Tourn. n10075"]
[Site "www.echecsemail.com"]
[Date "2019.04.26"]
[Round "1"]
[White "Cal"]
[Black "Ditto"]
[WhiteElo "1860"]
[BlackElo "1710"]
[Result "0-1"]
[Round "1"]
1.c4 e5
2.e4 Nb8c6
3.a3 Bf8c5
4.d3 d6
5.h3 h6
6.Bc1d2 Nc6d4
7.Nb1c3 Bc8d7
8.Nc3d5 Ng8f6
9.b4 Bc5b6
10.c5 dxc5
11.Nd5xf6 Qd8xf6
12.Bd2c3 cxb4
13.axb4 Bd7e6
14.Bc3xd4 Bb6xd4
15.Ng1f3 Bd4xa1
16.Qd1xa1 O-O
17.Bf1e2 a6
18.Nf3xe5 Rf8d8
19.O-O Qf6g5
20.Kh1 Qg5d2
21.Rf1e1 Qd2f4
22.Kg1 Rd8d6
23.g3 Qf4g5
24.h4 Qg5f6
25.d4 Be6c8
26.f4 b5
27.Ne5g4 Bc8xg4
28.e5 Qf6e6
29.Be2d3 Rd6d8
30.Re1f1 Qe6d5
31.Qa1b2 Bg4c8
32.Qb2g2 Qd5xd4
33.Kh1 Ra8b8
34.Qg2f3 Bc8b7
35.Bd3e4 Bb7xe4
{ resign }
0-1

[Event "Match"]
[Site "www.echecsemail.com"]
[Date "2019.04.26"]
[Round "1"]
[White "D4minance"]
[Black "Comrade"]
[WhiteElo "2299"]
[BlackElo "2290"]
[Result "1-0"]
[Round "1"]
1.d4 d5
2.c4 dxc4
3.e4 e5
4.Ng1f3 exd4
5.Bf1xc4 Bc8g4
6.Bc4xf7 Kxf7
7.Nf3e5 Ke8
8.Qd1xg4 Ng8f6
9.Qg4e6 Qd8e7
10.Qe6c8 Qe7d8
11.Qc8xd8 Kxd8
12.Ne5f7 Ke8
13.Nf7xh8 Nf6xe4
14.O-O Bf8b4
15.Nb1a3 Bb4xa3
16.Rf1e1 Ba3d6
17.Re1xe4 Kf8
18.Bc1f4 Bd6xf4
19.Re4xf4 Kg8
20.Nh8f7 c5
21.Nf7d6 b6
22.Ra1e1 Nb8c6
23.Rf4f7 Ra8d8
24.Rf7d7 Rd8f8
25.Rd7c7 Nc6b4
26.Re1e7 { resign }
1-0

[Event "Fast Game"]
[Site "www.echecsemail.com"]
[Date "2019.04.26"]
[Round "1"]
[White "Hennie4820"]
[Black "Estonia"]
[WhiteElo "1610"]
[BlackElo "1599"]
[Result "0-1"]
[Round "1"]
1.e4 c5
2.Ng1f3 Nb8c6
3.d4 cxd4
4.Nf3xd4 Ng8f6
5.Nb1c3 a6
6.Bc1e3 e5
7.Nd4b3 d6
8.Bf1e2 Bc8e6
9.Nc3d5 Be6xd5
10.exd5 Nc6e7
11.O-O g6
12.c4 Ne7f5
13.Qd1d2 Bf8g7
14.Be3g5 O-O
15.Be2g4 Qd8c7
16.Ra1c1 Nf6xg4
17.h3 Ng4f6
18.g4 Nf5e7
19.f4 Nf6e4
20.Qd2e3 Ne4xg5
21.fxg5 Ra8c8
22.Nb3d2 Qc7c5
23.Qe3xc5 Rc8xc5
24.b3 h6
25.gxh6 Bg7xh6
26.Rc1c2 Bh6e3
27.Kg2 b5
28.Nd2e4 Rc5c7
29.Ne4xd6 Ne7xd5
{ resign }
0-1

[Event "Tourn. n9966"]
[Site "www.echecsemail.com"]
[Date "2019.04.27"]
[Round "1"]
[White "Jaroslavpech"]
[Black "Seger"]
[WhiteElo "2490"]
[BlackElo "2830"]
[Result "1/2-1/2"]
[Round "1"]
1.c4 e5
2.Nb1c3 Ng8f6
3.Ng1f3 Nb8c6
4.g3 d5
5.cxd5 Nf6xd5
6.Bf1g2 Nd5b6
7.O-O Bf8e7
8.d3 O-O
9.a3 Rf8e8
10.b4 Be7f8
11.Bc1b2 a5
12.b5 Nc6d4
13.Nf3d2 c6
14.bxc6 Nd4xc6
15.Nc3a4 Nb6xa4
16.Qd1xa4 Ra8b8
17.Rf1b1 b5
18.Qa4d1 Bc8d7
19.Rb1c1 Qd8b6
20.e3 a4
21.Bg2d5 Nc6d8
22.h4 Qb6d6
23.Qd1f3 Bd7e6
24.Bd5e4 Rb8c8
25.d4 Rc8xc1
26.Ra1xc1 exd4
27.exd4 Qd6d7
28.d5 Be6g4
29.Qf3d3 Nd8b7
30.Be4xh7 Kh8
31.Bh7e4 Nb7c5
32.Bb2xg7 Kxg7
33.Rc1xc5 Bf8xc5
34.Qd3c3 f6
35.Qc3xc5 Bg4f5
36.Be4xf5 Qd7xf5
37.Qc5xb5 Re8e5
38.Qb5xa4 Re5xd5
39.Nd2f1 Qf5d7
40.Qa4xd7 Rd5xd7
41.Nf1e3 Rd7a7
{ draw }
1/2-1/2

[Event "Tourn. n10116"]
[Site "www.echecsemail.com"]
[Date "2019.04.27"]
[Round "1"]
[White "Ditto"]
[Black "Bojan"]
[WhiteElo "1810"]
[BlackElo "2030"]
[Result "1-0"]
[Round "1"]
1.d4 d5
2.Ng1f3 Nb8c6
3.Bc1f4 Ng8f6
4.e3 Nf6h5
5.Nf3e5 Nh5xf4
6.exf4 h5
7.Bf1b5 Bc8d7
8.Nb1c3 a6
9.Bb5d3 Nc6xe5
10.fxe5 f6
11.Bd3g6 { resign }
1-0

[Event "Tourn. n10122"]
[Site "www.echecsemail.com"]
[Date "2019.04.27"]
[Round "1"]
[White "Fantomas"]
[Black "Fegatux"]
[WhiteElo "2260"]
[BlackElo "2270"]
[Result "0-1"]
[Round "1"]
1.e4 c5
2.Ng1f3 Nb8c6
3.Bf1b5 d6
4.d4 cxd4
5.Nf3xd4 Bc8d7
6.Bc1e3 Ng8f6
7.Nb1c3 a6
8.Bb5e2 e6
9.Nd4b3 Bf8e7
10.Nc3a4 b5
11.Na4b6 Ra8b8
12.Nb6xd7 Qd8xd7
13.Nb3d4 O-O
14.O-O Rb8c8
15.f3 Nc6e5
16.Be3f2 Ne5c4
17.Ra1b1 Rf8d8
18.c3 d5
19.Be2d3 Nc4e5
20.Bd3c2 dxe4
21.fxe4 Ne5g4
22.Nd4b3 Qd7c7
23.Bf2g3 Rd8xd1
24.Bg3xc7 Rd1xf1
25.Rb1xf1 Rc8xc7
26.Rf1e1 Ng4e5
27.Nb3d2 Nf6g4
28.h3 Be7c5
29.Kh1 Ng4f2
30.Kh2 Nf2d3
31.Re1b1 Bc5e3
32.Nd2f3 Ne5xf3
33.gxf3 Be3f4
34.Kg2 Nd3e5
35.Rb1d1 Rc7d7
36.Rd1xd7 Ne5xd7
37.b3 Bf4e5
38.c4 b4
39.Kf2 Be5f4
40.Bc2d3 Nd7c5
41.Bd3c2 g5
42.Kg2 Kg7
43.Bc2b1 Kf6
44.e5 Kg7
{ resign }
0-1

[Event "Tourn. n10074"]
[Site "www.echecsemail.com"]
[Date "2019.04.27"]
[Round "1"]
[White "Liencam2"]
[Black "Sbb"]
[WhiteElo "2330"]
[BlackElo "2760"]
[Result "0-1"]
[Round "1"]
1.e4 e5
2.Ng1f3 Nb8c6
3.Bf1c4 Bf8c5
4.c3 Ng8f6
5.d4 exd4
6.cxd4 Bc5b4
7.Bc1d2 Nf6xe4
8.Bd2xb4 Nc6xb4
9.Qd1b3 d5
10.Qb3xb4 dxc4
11.O-O Qd8d6
12.Qb4xc4 O-O
13.Nb1c3 Ne4xc3
14.bxc3 Bc8e6
15.Qc4d3 Qd6d5
16.Rf1e1 f6
17.Nf3d2 Be6f7
18.c4 Qd5a5
19.Nd2b3 Qa5b4
20.Ra1c1 Rf8e8
21.Re1e3 Qb4a4
22.Qd3c2 Re8xe3
23.fxe3 Ra8e8
24.Nb3c5 Qa4a3
25.e4 Qa3e3
26.Kf1 b6
27.Nc5a6 Re8xe4
28.g3 Qe3f3
29.Qc2f2 Qf3h1
30.Qf2g1 Bf7xc4
31.Rc1xc4 Qh1f3
32.Qg1f2 Qf3d3
{ resign }
0-1

[Event "Match"]
[Site "www.echecsemail.com"]
[Date "2019.04.27"]
[Round "1"]
[White "Llord"]
[Black "Yudoka"]
[WhiteElo "1950"]
[BlackElo "1809"]
[Result "0-1"]
[Round "1"]
1.e4 c6
2.d4 d5
3.e5 Bc8f5
4.Bf1d3 Bf5xd3
5.Qd1xd3 e6
6.Ng1f3 c5
7.c3 Nb8c6
8.Bc1e3 Qd8b6
9.b3 Ra8c8
10.O-O cxd4
11.Nf3xd4 Nc6xe5
12.Qd3e2 Qb6a6
13.Qe2xa6 bxa6
14.Rf1e1 Ng8f6
15.Be3g5 Ne5c6
16.Nd4xc6 Rc8xc6
17.Re1e3 Bf8c5
18.Re3f3 Nf6e4
19.Bg5h4 f5
20.b4 Bc5b6
21.a4 g5
22.Bh4g3 f4
23.Bg3xf4 gxf4
24.b5 axb5
25.axb5 Rc6c7
26.Rf3xf4 Ne4xf2
27.Kf1 Rh8f8
28.Rf4xf8 Kxf8
29.Ra1a2 Nf2e4
30.Ra2e2 Ne4xc3
31.Nb1xc3 Rc7xc3
32.Re2xe6 d4
33.Ke2 Rc3e3
34.Re6xe3 dxe3
35.h3 Kf7
36.g4 Kf6
37.Kf3 Kg5
38.Ke2 Kh4
{ resign }
0-1

[Event "Match"]
[Site "www.echecsemail.com"]
[Date "2019.04.27"]
[Round "1"]
[White "Apdash"]
[Black "Yudoka"]
[WhiteElo "2180"]
[BlackElo "2270"]
[Result "0-1"]
[Round "1"]
1.e4 d5
2.exd5 Qd8xd5
3.Ng1f3 Nb8c6
4.c4 Qd5h5
5.Bf1e2 Bc8g4
6.d4 O-O-O
7.d5 e6
8.Nb1c3 Bf8b4
9.Bc1d2 exd5
10.cxd5 Bb4xc3
11.Bd2xc3 Rd8xd5
12.Qd1a4 Ng8f6
13.O-O Rh8d8
14.b4 Nf6e4
15.Bc3xg7 Rd8g8
16.b5 Ne4c5
17.Qa4c4 Rg8xg7
18.bxc6 Bg4xf3
19.Be2xf3 Qh5xf3
20.cxb7 Kb8
21.g3 Nc5d3
22.Qc4c3 Nd3e5
23.Ra1c1 Qf3xc3
24.Rc1xc3 Kxb7
25.f4 Ne5d7
26.Rf1b1 Nd7b6
27.a4 h5
28.Kg2 h4
29.Kf3 hxg3
30.hxg3 f5
31.Rc3a3 Kc8
32.Rb1b4 a5
33.Rb4b5 Rd5xb5
34.axb5 a4
35.Ra3c3 Kd7
36.Rc3c5 Rg7f7
37.g4 fxg4
38.Kxg4 Kd6
39.Rc5c6 Kd5
40.Kg5 Nb6c4
41.f5 Nc4d6
42.f6 Nd6e4
43.Kg6 Rf7xf6
{ resign }
0-1

[Event "Match"]
[Site "www.echecsemail.com"]
[Date "2019.04.27"]
[Round "1"]
[White "Yudoka"]
[Black "Gimmyg"]
[WhiteElo "2270"]
[BlackElo "2530"]
[Result "0-1"]
[Round "1"]
1.d4 b5
2.Ng1f3 Bc8b7
3.g3 a6
4.Bf1g2 e6
5.O-O Ng8f6
6.b3 c5
7.Bc1b2 cxd4
8.Bb2xd4 Bf8e7
9.a4 Nb8c6
10.Bd4b2 O-O
11.Nb1d2 d5
12.e3 b4
13.e4 Nf6xe4
14.Nd2xe4 dxe4
15.Nf3d2 f5
{ resign }
0-1

[Event "Tourn. n10092"]
[Site "www.echecsemail.com"]
[Date "2019.04.27"]
[Round "1"]
[White "Coolant"]
[Black "Louis"]
[WhiteElo "2310"]
[BlackElo "2050"]
[Result "1-0"]
[Round "1"]
1.Nb1c3 c5
2.e4 d6
3.Ng1f3 a6
4.a4 Nb8c6
5.d4 cxd4
6.Nf3xd4 Ng8f6
7.Nd4xc6 bxc6
8.a5 e6
9.Bf1d3 Bf8e7
10.Qd1e2 O-O
11.O-O Qd8c7
12.Bc1e3 c5
13.Nc3a4 Qc7xa5
14.Na4xc5 Qa5c7
15.Nc5a4 a5
16.Be3b6 Qc7c6
17.Bd3b5 Qc6b7
18.Qe2c4 Bc8d7
19.f3 d5
20.exd5 exd5
21.Qc4b3 Bd7xb5
22.Qb3xb5 Be7d8
23.Qb5b3 Ra8b8
24.Bb6xd8 Qb7xb3
25.cxb3 Rf8xd8
26.Na4c5 Rb8b5
27.Rf1c1 Rd8c8
28.Nc5e4 Rc8xc1
29.Ra1xc1 dxe4
30.Rc1c8 { resign }
1-0

[Event "Tourn. n10112"]
[Site "www.echecsemail.com"]
[Date "2019.04.27"]
[Round "1"]
[White "Fegatux"]
[Black "Picifarkinca"]
[WhiteElo "2270"]
[BlackElo "2040"]
[Result "1/2-1/2"]
[Round "1"]
1.d4 Ng8f6
2.c4 e5
3.dxe5 Nf6g4
4.e3 Bf8b4
5.Nb1c3 Bb4xc3
6.bxc3 Ng4xe5
7.f4 Ne5c6
8.Ng1f3 d6
9.Bf1d3 Bc8g4
10.O-O Nb8a6
11.Qd1c2 Na6c5
12.Bd3e2 Qd8e7
13.h3 Bg4c8
14.Nf3d4 Nc6d8
15.Be2f3 O-O
16.Bc1d2 f5
17.Ra1e1 Nc5e4
18.Bf3xe4 Qe7xe4
19.Qc2xe4 fxe4
20.Re1b1 b6
21.a4 Bc8a6
22.Nd4b5 Rf8f7
23.g4 Nd8b7
24.Rb1b4 Nb7c5
25.Bd2e1 Nc5d3
26.Rb4b1 Ba6c8
27.Be1g3 a6
28.Nb5d4 Bc8d7
29.Rb1a1 Nd3b2
30.f5 Nb2xc4
31.Bg3f4 g6
32.fxg6 hxg6
33.Bf4g5 Rf7xf1
34.Ra1xf1 Ra8f8
35.Rf1xf8 Kxf8
36.Kf2 c5
37.Nd4e2 Bd7xa4
38.Ne2f4 Kf7
39.Ke2 Ba4d7
40.Nf4d5 a5
41.Kd1 Bd7c6
{ draw }
1/2-1/2

[Event "1/128 Finale"]
[Site "www.chess-mail.com"]
[Date "2019.04.27"]
[Round "1"]
[White "Ssharp"]
[Black "Joeinpa"]
[WhiteElo "2300"]
[BlackElo "999"]
[Result "1-0"]
[Round "1"]
1.e4 e5
2.Ng1f3 Nb8c6
3.Bf1c4 d6
4.d4 f6
5.Bc4xg8 Rh8xg8
6.dxe5 dxe5
7.Qd1e2 Bc8e6
8.Bc1e3 Qd8d7
9.c3 Bf8d6
10.O-O  { time }
1-0